[Event "1. Bundesliga 2016/2017"]
[Site "Jenbach"]
[Date "2017.04.22"]
[Round "11"]
[Board "5"]
[White "Kvetny, Mark"]
[Black "Wallner, Joachim"]
[Result "1/2-1/2"]
[WhiteElo "2377"]
[BlackElo "2313"]
[PlyCount "60"]
[EventDate "2016.10.20"]
[EventType "team"]
[EventRounds "11"]
[EventCountry "AUT"]
[WhiteTeam "Schachclub Sparkasse Goetzis"]
[BlackTeam "ASVOE Wulkaprodersdorf"]

1.c4 Nf6 2.Nc3 e5 3.e3 Bb4 4.Nge2 O-O 5.a3 Be7 6.g3 d5 7.cxd5 Nxd5 8.Bg2 Be6 9.O-O
c5 10.d4 exd4 11.exd4 cxd4 12.Nb5 d3 13.Qxd3 Nc6 14.Ned4 Nb6 15.Rd1 Nxd4 16.Nxd4 Bg4
17.Bf3 Bxf3 18.Qxf3 Qd7 19.Bh6 Bf6 20.Nf5 Qa4 21.b4 gxh6 22.Rd6 Bxa1 23.Qg4+ Kh8 24.Rxh6
Rfd8 25.Rxh7+ Kxh7 26.Qh5+ Kg8 27.Qg5+ Kf8 28.Qe7+ Kg8 29.Qg5+ Kf8 30.Qe7+ Kg8 1/2-1/2

[Event "1. Bundesliga 2016/2017"]
[Site "Jenbach"]
[Date "2017.04.22"]
[Round "11"]
[Board "1"]
[White "Ragger, Markus"]
[Black "Bayer, Bernhard"]
[Result "1-0"]
[WhiteElo "2677"]
[BlackElo "2431"]
[PlyCount "107"]
[EventDate "2016.10.20"]
[EventType "team"]
[EventRounds "11"]
[EventCountry "AUT"]
[WhiteTeam "SC MPOE Maria Saal"]
[BlackTeam "Schachklub Absam"]

1.d4 Nf6 2.c4 e6 3.Nc3 Bb4 4.e3 O-O 5.Bd3 c5 6.Nf3 Nc6 7.O-O Bxc3 8.bxc3 d6 9.e4 e5
10.d5 Ne7 11.Nh4 h6 12.Qf3 Ng6 13.Nf5 Re8 14.g3 Nh7 15.h4 Qf6 16.Qg2 Kh8 17.Bd2 Rb8
18.Rae1 Bd7 19.Ne3 Qd8 20.h5 Ne7 21.f4 f6 22.Be2 Qa5 23.Bg4 Bxg4 24.Nxg4 Qa4 25.Ne3
b5 26.cxb5 Rxb5 27.Bc1 Rb1 28.Qc2 Qxc2 29.Nxc2 Rb6 30.Na3 Nc8 31.Rf2 Kg8 32.Kf1 Ra6
33.Re3 Re7 34.Ke2 Ra4 35.Kd3 Nb6 36.c4 exf4 37.gxf4 Nf8 38.Rc2 Nc8 39.Nb5 a6 40.Nc3
Rb4 41.Ba3 Rbb7 42.e5 fxe5 43.fxe5 Rxe5 44.Rxe5 dxe5 45.Bxc5 Rf7 46.Bxf8 Kxf8 47.c5
Ke7 48.Ke4 Rf4+ 49.Kxe5 Rh4 50.Rb2 Rxh5+ 51.Kd4 Rg5 52.Ne4 Rg1 53.Rb8 Kd7 54.c6+ 1-0

[Event "1. Bundesliga 2016/2017"]
[Site "Jenbach"]
[Date "2017.04.22"]
[Round "11"]
[Board "2"]
[White "Dizdar, Goran"]
[Black "Buhmann, Rainer"]
[Result "1/2-1/2"]
[WhiteElo "2504"]
[BlackElo "2609"]
[PlyCount "60"]
[EventDate "2016.10.20"]
[EventType "team"]
[EventRounds "11"]
[EventCountry "AUT"]
[WhiteTeam "Schachklub Absam"]
[BlackTeam "SC MPOE Maria Saal"]

1.c4 e6 2.Nf3 d5 3.d4 Nf6 4.e3 Nbd7 5.b3 Bb4+ 6.Nbd2 c5 7.Bd3 cxd4 8.exd4 O-O 9.O-O
b6 10.Bb2 Bb7 11.Qe2 Rc8 12.Rfd1 Qc7 13.Rac1 Qf4 14.Qe3 Qxe3 15.fxe3 Rfd8 16.a3 Be7
17.b4 dxc4 18.Nxc4 Ne4 19.b5 Bd5 20.Kf1 f6 21.Ke2 g5 22.h3 h5 23.Rc2 g4 24.hxg4 hxg4
25.Ne1 Ng3+ 26.Kf2 Ne4+ 27.Ke2 Ng3+ 28.Kf2 Ne4+ 29.Ke2 Ng3+ 30.Kf2 Ne4+ 1/2-1/2

[Event "1. Bundesliga 2016/2017"]
[Site "Jenbach"]
[Date "2017.04.22"]
[Round "11"]
[Board "3"]
[White "Predojevic, Borki"]
[Black "Rotstein, Arkadij"]
[Result "1-0"]
[WhiteElo "2616"]
[BlackElo "2501"]
[PlyCount "67"]
[EventDate "2016.10.20"]
[EventType "team"]
[EventRounds "11"]
[EventCountry "AUT"]
[WhiteTeam "SC MPOE Maria Saal"]
[BlackTeam "Schachklub Absam"]

1.e4 g6 2.d4 Bg7 3.Nf3 c6 4.Bd3 d5 5.e5 c5 6.c3 Nc6 7.O-O cxd4 8.cxd4 Bg4 9.Nbd2 Nh6
10.h3 Bf5 11.Nb3 Bxd3 12.Qxd3 O-O 13.Bf4 e6 14.Bg5 Qb6 15.Nc5 Qc7 16.Rac1 Rac8 17.Qd2
Nf5 18.g4 Nfe7 19.Bf6 b6 20.Nd3 Qb7 21.Kg2 Nb8 22.h4 h6 23.h5 gxh5 24.Bxg7 Kxg7 25.Nf4
hxg4 26.Nh5+ Kg6 27.Qd3+ Nf5 28.Nh4+ Kxh5 29.Nxf5 Rxc1 30.Rxc1 Kg5 31.Nd6 Qd7 32.f4+
gxf3+ 33.Kxf3 Qe7 34.Rg1+ 1-0

[Event "1. Bundesliga 2016/2017"]
[Site "Jenbach"]
[Date "2017.04.22"]
[Round "11"]
[Board "4"]
[White "Deglmann, Ludwig"]
[Black "Naumann, Alexander"]
[Result "0-1"]
[WhiteElo "2296"]
[BlackElo "2565"]
[PlyCount "68"]
[EventDate "2016.10.20"]
[EventType "team"]
[EventRounds "11"]
[EventCountry "AUT"]
[WhiteTeam "Schachklub Absam"]
[BlackTeam "SC MPOE Maria Saal"]

1.c4 e5 2.g3 c6 3.d4 e4 4.f3 Nf6 5.Nc3 Bb4 6.Qb3 c5 7.a3 Bxc3+ 8.Qxc3 d5 9.cxd5 cxd4
10.Qxd4 Nc6 11.Qc5 Qxd5 12.Qxd5 Nxd5 13.fxe4 Nf6 14.Bg2 Nd4 15.Rb1 Be6 16.Bg5 Nc2+
17.Kd2 Rc8 18.Bxf6 gxf6 19.Bh3 Ke7 20.Bxe6 fxe6 21.e3 Rhd8+ 22.Ke2 Rc4 23.Nf3 Rxe4
24.Rbc1 Rxe3+ 25.Kf2 Rdd3 26.Rxc2 Rxf3+ 27.Kg2 Rfe3 28.Rhc1 Rd7 29.Rc8 Re2+ 30.Kh3
f5 31.Rh8 Kf6 32.Rf8+ Kg7 33.Rfc8 Rxb2 34.R1c4 h6 0-1

[Event "1. Bundesliga 2016/2017"]
[Site "Jenbach"]
[Date "2017.04.22"]
[Round "11"]
[Board "5"]
[White "Kreisl, Robert"]
[Black "Pilz, Dieter"]
[Result "1-0"]
[WhiteElo "2435"]
[BlackElo "2208"]
[PlyCount "111"]
[EventDate "2016.10.20"]
[EventType "team"]
[EventRounds "11"]
[EventCountry "AUT"]
[WhiteTeam "SC MPOE Maria Saal"]
[BlackTeam "Schachklub Absam"]

1.d4 Nf6 2.Nf3 c5 3.e3 e6 4.Bd3 b6 5.O-O Bb7 6.c4 Be7 7.Nc3 O-O 8.d5 exd5 9.cxd5 d6
10.e4 Nbd7 11.h3 a6 12.a4 Qc7 13.b3 Ne8 14.Be3 Bf6 15.Rc1 g6 16.Bh6 Bg7 17.Qd2 f6
18.Be3 Qd8 19.Ne2 Ne5 20.Nxe5 fxe5 21.b4 a5 22.bxc5 bxc5 23.Rb1 Ba6 24.Bxa6 Rxa6 25.Rb7
Ra8 26.Bg5 Qc8 27.Rfb1 Rf7 28.R7b6 Bf8 29.R1b5 Be7 30.Bxe7 Rxe7 31.Rxa5 Rea7 32.Rxa7
Rxa7 33.Nc3 Qd8 34.Qb2 Ra8 35.Rb7 Qg5 36.g3 h5 37.h4 Qd8 38.Kg2 Nf6 39.f3 Ne8 40.Qd2
Rb8 41.Rxb8 Qxb8 42.Nb5 Qb6 43.Qg5 Kf7 44.f4 exf4 45.Qxf4+ Kg7 46.e5 Qb7 47.Qe4 dxe5
48.Qxe5+ Nf6 49.Nc7 Kf7 50.Qe6+ Kg7 51.Qe7+ Kg8 52.Qxf6 Qxc7 53.Qxg6+ Kf8 54.Qf6+
Kg8 55.Qg5+ Kf8 56.Qf4+ 1-0

[Event "1. Bundesliga 2016/2017"]
[Site "Jenbach"]
[Date "2017.04.22"]
[Round "11"]
[Board "6"]
[White "De Francesco, Klaus"]
[Black "Halvax, Georg"]
[Result "0-1"]
[WhiteElo "2235"]
[BlackElo "2425"]
[PlyCount "76"]
[EventDate "2016.10.20"]
[EventType "team"]
[EventRounds "11"]
[EventCountry "AUT"]
[WhiteTeam "Schachklub Absam"]
[BlackTeam "SC MPOE Maria Saal"]

1.d4 d6 2.e4 Nf6 3.Nc3 e5 4.dxe5 dxe5 5.Qxd8+ Kxd8 6.Bc4 Ke8 7.Nf3 Bd6 8.h3 a6 9.a3
b5 10.Bd3 Bb7 11.Nh4 g6 12.O-O Nbd7 13.Re1 h6 14.b4 c5 15.Rb1 Kf8 16.g3 Kg7 17.Ng2
Rac8 18.Bd2 Rhe8 19.f3 Nf8 20.Ne3 Ne6 21.Kg2 Red8 22.Ncd5 c4 23.Bf1 Nxd5 24.exd5 Nc7
25.Ng4 f5 26.Nxe5 Nxd5 27.Kh2 c3 28.Bc1 f4 29.gxf4 Rf8 30.Bg2 Rce8 31.Rd1 Bxe5 32.fxe5
Rxe5 33.a4 Re2 34.axb5 axb5 35.Ra1 Rxc2 36.Ra7 Rf7 37.Kg1 Nxb4 38.Be3 Rxg2+ 0-1

[Event "1. Bundesliga 2016/2017"]
[Site "Jenbach"]
[Date "2017.04.22"]
[Round "11"]
[Board "1"]
[White "Bindrich, Falko"]
[Black "Lenic, Luka"]
[Result "1/2-1/2"]
[WhiteElo "2582"]
[BlackElo "2645"]
[PlyCount "64"]
[EventDate "2016.10.20"]
[EventType "team"]
[EventRounds "11"]
[EventCountry "AUT"]
[WhiteTeam "SK Hohenems"]
[BlackTeam "SV Raika Rapid Feffernitz"]

1.d4 Nf6 2.c4 e6 3.Nc3 Bb4 4.Qc2 d5 5.a3 Bxc3+ 6.Qxc3 Ne4 7.Qc2 c5 8.dxc5 Nc6 9.Nf3
Qa5+ 10.Bd2 Qxc5 11.e3 Nxd2 12.Nxd2 dxc4 13.Nxc4 Ne5 14.Rc1 Nxc4 15.Bxc4 O-O 16.Qe4
Qb6 17.Bd3 g6 18.Qe5 Bd7 19.O-O Bc6 20.b4 Rfd8 21.Bc4 Bd5 22.h4 Bxc4 23.Rxc4 Rd5 24.Qf6
Qd8 25.Qf4 Qd6 26.Rc7 Qxf4 27.exf4 Rb8 28.Rfc1 Kf8 29.R1c5 Rd1+ 30.Kh2 Ke8 31.g4 Rd7
32.f5 exf5 1/2-1/2

[Event "1. Bundesliga 2016/2017"]
[Site "Jenbach"]
[Date "2017.04.22"]
[Round "11"]
[Board "2"]
[White "Danin, Alexandre"]
[Black "Rozentalis, Eduardas"]
[Result "1/2-1/2"]
[WhiteElo "2564"]
[BlackElo "2540"]
[PlyCount "39"]
[EventDate "2016.10.20"]
[EventType "team"]
[EventRounds "11"]
[EventCountry "AUT"]
[WhiteTeam "SV Raika Rapid Feffernitz"]
[BlackTeam "SK Hohenems"]

1.e4 e5 2.Nf3 Nf6 3.Nxe5 d6 4.Nf3 Nxe4 5.c4 Be7 6.d4 h6 7.Bd3 Ng5 8.Nc3 Nc6 9.Be3
O-O 10.h4 Nh7 11.Qd2 Nf6 12.Bxh6 gxh6 13.Qxh6 Nb4 14.Qg5+ Kh8 15.Qh6+ Kg8 16.Bb1 Re8
17.Qg5+ Kf8 18.Qh6+ Kg8 19.Qg5+ Kf8 20.Qh6+ 1/2-1/2

[Event "1. Bundesliga 2016/2017"]
[Site "Jenbach"]
[Date "2017.04.22"]
[Round "11"]
[Board "3"]
[White "Atlas, Valery"]
[Black "Skoberne, Jure"]
[Result "1/2-1/2"]
[WhiteElo "2437"]
[BlackElo "2544"]
[PlyCount "66"]
[EventDate "2016.10.20"]
[EventType "team"]
[EventRounds "11"]
[EventCountry "AUT"]
[WhiteTeam "SK Hohenems"]
[BlackTeam "SV Raika Rapid Feffernitz"]

1.e4 e6 2.d4 d5 3.Nc3 Nf6 4.e5 Nfd7 5.Nce2 c5 6.f4 Nc6 7.c3 Qb6 8.Nf3 f6 9.a3 a5 10.g3
Be7 11.Bh3 Nd8 12.O-O O-O 13.Kh1 Qc6 14.Be3 b6 15.Rf2 Ra7 16.g4 Nf7 17.Ng3 fxe5 18.fxe5
Ng5 19.Bg2 Nxf3 20.Rxf3 Ba6 21.Rc1 Qc8 22.g5 Rxf3 23.Bxf3 cxd4 24.cxd4 Rc7 25.Bg4
Nf8 26.h4 Rxc1 27.Qxc1 Qxc1+ 28.Bxc1 Kf7 29.Kg2 Bc4 30.Bd2 Bd8 31.Ne2 Ng6 32.Kg3 Bd3
33.Nf4 Nxf4 1/2-1/2

[Event "1. Bundesliga 2016/2017"]
[Site "Jenbach"]
[Date "2017.04.22"]
[Round "11"]
[Board "4"]
[White "Schreiner, Peter"]
[Black "Froewis, Georg"]
[Result "1/2-1/2"]
[WhiteElo "2482"]
[BlackElo "2435"]
[PlyCount "31"]
[EventDate "2016.10.20"]
[EventType "team"]
[EventRounds "11"]
[EventCountry "AUT"]
[WhiteTeam "SV Raika Rapid Feffernitz"]
[BlackTeam "SK Hohenems"]

1.e4 e6 2.d4 d5 3.Bd3 c5 4.exd5 exd5 5.Nf3 Nf6 6.O-O Be7 7.dxc5 Bxc5 8.Re1+ Be6 9.Nbd2
O-O 10.Nb3 Bb6 11.Nfd4 Nc6 12.Be3 Qd6 13.Nb5 Qd8 14.N5d4 Qd6 15.Nb5 Qd8 16.N5d4 1/2-1/2

[Event "1. Bundesliga 2016/2017"]
[Site "Jenbach"]
[Date "2017.04.22"]
[Round "11"]
[Board "5"]
[White "Baldauf, Marco"]
[Black "Diermair, Andreas"]
[Result "1/2-1/2"]
[WhiteElo "2456"]
[BlackElo "2473"]
[PlyCount "97"]
[EventDate "2016.10.20"]
[EventType "team"]
[EventRounds "11"]
[EventCountry "AUT"]
[WhiteTeam "SK Hohenems"]
[BlackTeam "SV Raika Rapid Feffernitz"]

1.c4 Nf6 2.Nc3 e5 3.Nf3 Nc6 4.g3 Bb4 5.Bg2 O-O 6.O-O Bxc3 7.bxc3 Re8 8.Rb1 e4 9.Nd4
h6 10.f3 exf3 11.Nxc6 fxe2 12.Nxd8 exd1=Q 13.Rxd1 Rxd8 14.Ba3 d6 15.Bxb7 Rb8 16.Bxc8
Rdxc8 17.c5 d5 18.c6 Rb6 19.Bc5 Rxc6 20.Bxa7 Ra6 21.Bd4 Rxa2 22.Bxf6 gxf6 23.Rb5 c6
24.Rb6 Kg7 25.Kf2 f5 26.Kf3 Kf6 27.Kf4 h5 28.h4 Ra4+ 29.Rb4 Ra6 30.Re1 Rg8 31.Kf3
Rg4 32.Re8 Rxb4 33.cxb4 Ra3+ 34.Re3 Ra4 35.Rc3 Rxb4 36.Rxc6+ Ke5 37.Rh6 Rb3+ 38.Kf2
Rd3 39.Rxh5 Ke4 40.Rh7 Rxd2+ 41.Ke1 Rg2 42.Rxf7 Rxg3 43.Kf2 f4 44.Re7+ Kd3 45.Ra7
d4 46.h5 Kc2 47.Rc7+ Kd2 48.Rf7 Rh3 49.Rxf4 1/2-1/2

[Event "1. Bundesliga 2016/2017"]
[Site "Jenbach"]
[Date "2017.04.22"]
[Round "11"]
[Board "6"]
[White "Sebenik, Matej"]
[Black "Baenziger, Fabian"]
[Result "1-0"]
[WhiteElo "2546"]
[BlackElo "2312"]
[PlyCount "131"]
[EventDate "2016.10.20"]
[EventType "team"]
[EventRounds "11"]
[EventCountry "AUT"]
[WhiteTeam "SV Raika Rapid Feffernitz"]
[BlackTeam "SK Hohenems"]

1.Nf3 Nf6 2.c4 d6 3.d4 Nbd7 4.Nc3 e5 5.e4 g6 6.Be2 Bg7 7.O-O O-O 8.Be3 Ng4 9.Bg5 Bf6
10.Bxf6 Ngxf6 11.Re1 c6 12.Bf1 Qe7 13.Qd2 Re8 14.Rad1 Nf8 15.h3 Kg7 16.b4 b6 17.Qb2
Bb7 18.a4 N6d7 19.c5 dxc5 20.bxc5 Ne6 21.cxb6 axb6 22.Nxe5 Nxe5 23.dxe5 Qc5 24.Rc1
Qxe5 25.Qxb6 Reb8 26.Qe3 Ba6 27.Bxa6 Rxa6 28.Rb1 Rxb1 29.Rxb1 Nf4 30.g3 Ne6 31.Kg2
Ra5 32.f4 Qc5 33.Kf2 Qc4 34.Rc1 Nc5 35.Kf3 Nd3 36.Rd1 Qxc3 37.Rxd3 Qc2 38.Qd4+ Kg8
39.Qd8+ Kg7 40.Qd4+ Kg8 41.Qd8+ Kg7 42.f5 Qc5 43.Qd4+ Qxd4 44.Rxd4 gxf5 45.exf5 Rxf5+
46.Ke4 Rc5 47.Kd3 Rc1 48.Rc4 Ra1 49.Kc2 Ra3 50.Rg4+ Kf6 51.Kb2 Re3 52.a5 Re2+ 53.Kb3
Re3+ 54.Kb4 Re1 55.Rc4 Rb1+ 56.Kc3 Ke7 57.Ra4 Rb7 58.a6 Ra7 59.Kb4 Kd6 60.Ka5 Kc5
61.Rf4 Re7 62.Rf5+ Kd4 63.Kb6 Ke4 64.Rf4+ Ke3 65.a7 Re8 66.Rxf7 1-0